<Le> Journal des Finances

Gespeichert in:
Bibliographische Detailangaben
Format: Schriftenreihe
Sprache:Französisch
Veröffentlicht: Paris Journal des Finances
Tags: Tag hinzufügen
Keine Tags, Fügen Sie das erste Tag hinzu!

MARC

LEADER 00000nas1a22000001 4500
001 s120450
005 20250724091619.4
022 |a 0021-8049 
041 0 |a fre 
044 |a FR 
245 1 0 |a <Le> Journal des Finances 
264 1 |a Paris  |b Journal des Finances